[Event "Oslo ASKO Hostturnering"]
[Site "Oslo"]
[Date "2006.09.26"]
[Round "2"]
[White "Knutsen, Henning Ardent"]
[Black "Falsen, Ivan"]
[Result "0-1"]
[WhiteElo "1302"]
[BlackElo "1345"]
[PlyCount "82"]
[EventDate "2006.09.12"]
[EventType "swiss"]
[EventRounds "7"]
[EventCountry "NOR"]
[SourceTitle "EXT 2008"]
[Source "ChessBase"]
[SourceDate "2007.11.25"]
[SourceVersion "1"]
[SourceVersionDate "2007.11.25"]
[SourceQuality "1"]

1. Nf3 d6 2. g3 Nc6 3. Bg2 Bg4 4. 0-0 Nf6 5. c3 Qd7 6. d3 e5 7. b4 g6 8. Nbd2 Bg7 9. Ng5 h6 10. Nge4 Bh3 11. Nxf6+ Bxf6 12. Ne4 Bg7 13. Bb2 Bxg2 14. Kxg2 f5 15. Nd2 0-0 16. e3 Rae8 17. Rb1 e4 18. d4 d5 19. Qa4 a6 20. Ba3 b5 21. Qc2 Ne7 22. Nb3 f4 23. exf4 Nf5 24. Bc1 e3 25. Bxe3 Rxe3 26. Nc5 Qc8 27. g4 Nh4+ 28. Kh1 Rh3 29. Rg1 Rxf4 30. Qe2 Nf3 31. Rg2 Rxg4 32. Qe7 Rxg2 33. Kxg2 Qg4+ 34. Kf1 Nxh2+ 35. Ke1 Nf3+ 36. Kd1 Nxd4+ 37. Kc1 Rh1+ 38. Kb2 Rxb1+ 39. Kxb1 Qd1+ 40. Kb2 Qc2+ 41. Ka3 Qc1# 0-1

[Event "Aslo ASKO CC-ch Group-B"]
[Site "Oslo"]
[Date "2006.02.28"]
[Round "3"]
[White "Falsen, Ivan"]
[Black "Floten, Asmund"]
[Result "0-1"]
[WhiteElo "1353"]
[BlackElo "1249"]
[PlyCount "60"]
[EventDate "2006.02.07"]
[EventType "tourn"]
[EventRounds "9"]
[EventCountry "NOR"]
[SourceTitle "EXT 2008"]
[Source "ChessBase"]
[SourceDate "2007.11.25"]
[SourceVersion "1"]
[SourceVersionDate "2007.11.25"]
[SourceQuality "1"]

1. d4 d5 2. e4 dxe4 3. Nc3 Nf6 4. f3 exf3 5. Nxf3 Bg4 6. Bc4 h6 7. Bxf7+ Kxf7 8. Ne5+ Kg8 9. Nxg4 Nc6 10. d5 Nb4 11. Nxf6+ exf6 12. a3 Qe8+ 13. Ne2 Qe4 14. axb4 Qxg2 15. Rg1 Qxh2 16. Bf4 Qh4+ 17. Kf1 Re8 18. Qd4 Bd6 19. Bxd6 Qh3+ 20. Kf2 cxd6 21. Qg4 Qe3+ 22. Kf1 g5 23. Re1 Kf7 24. Qg3 Qd2 25. Qxd6 Re5 26. Qc7+ Kg6 27. c4 Rhe8 28. Rg2 b6 29. d6 Qe3 30. Qc6 Rf5+ 0-1

[Event "Oslo ASKO Hostturnering"]
[Site "Oslo"]
[Date "2005.11.01"]
[Round "5"]
[White "Falsen, Ivan"]
[Black "Fredriksen, Jan Gunnar"]
[Result "1/2-1/2"]
[WhiteElo "1321"]
[BlackElo "1824"]
[PlyCount "89"]
[EventDate "2005.09.06"]
[EventType "swiss"]
[EventRounds "7"]
[EventCountry "NOR"]
[SourceTitle "EXT 2009"]
[Source "ChessBase"]
[SourceDate "2008.11.26"]
[SourceVersion "1"]
[SourceVersionDate "2008.11.26"]
[SourceQuality "1"]

1. e4 e5 2. Nc3 Bc5 3. Nf3 Nc6 4. Bc4 d6 5. Na4 Bb6 6. Nxb6 axb6 7. d4 Qf6 8. Bg5 Qg6 9. dxe5 Qxe4+ 10. Qe2 Qxe2+ 11. Kxe2 Nxe5 12. Nxe5 dxe5 13. Rad1 Bf5 14. Rd2 Nf6 15. Rhd1 0-0 16. f3 Rae8 17. g4 Bc8 18. h3 e4 19. Bxf6 gxf6 20. Ke3 exf3+ 21. Kxf3 Kg7 22. Kf4 Re7 23. Re2 Rfe8 24. Rde1 Rxe2 25. Rxe2 Rxe2 26. Bxe2 Kf8 27. Bd3 Kg7 28. Bf5 Be6 29. b3 h6 30. c4 Kf8 31. Ke4 Ke7 32. Kd4 h5 33. Ke4 hxg4 34. Bxg4 c5 35. Kf4 Kf8 36. h4 Kg7 37. Bf3 Bc8 38. Bd5 Kg6 39. Bf3 Kh6 40. Bg4 Be6 41. Bf3 Bc8 42. Bg4 Be6 43. a4 Kg6 44. Bf3 Bc8 45. Bg4 1/2-1/2

[Event "Oslo ASKO Hostturnering"]
[Site "Oslo"]
[Date "2005.09.06"]
[Round "1"]
[White "Skrondal, Inge Sandstad"]
[Black "Falsen, Ivan"]
[Result "1-0"]
[WhiteElo "1982"]
[BlackElo "1321"]
[PlyCount "62"]
[EventDate "2005.09.06"]
[EventType "swiss"]
[EventRounds "7"]
[EventCountry "NOR"]
[SourceTitle "EXT 2009"]
[Source "ChessBase"]
[SourceDate "2008.11.26"]
[SourceVersion "1"]
[SourceVersionDate "2008.11.26"]
[SourceQuality "1"]

1. e4 d5 2. exd5 Nf6 3. c4 c6 4. d4 Bg4 5. f3 Bf5 6. Nc3 cxd5 7. Qb3 e6 8. Qxb7 Nbd7 9. c5 Be7 10. c6 Nb6 11. c7 Qc8 12. Ba6 0-0 13. Qxc8 Raxc8 14. Bxc8 Rxc8 15. Bf4 Nh5 16. Bd2 Nc4 17. g4 Bd3 18. h4 Bd6 19. Nge2 Ng3 20. Rg1 Nxe2 21. Nxe2 Rxc7 22. Rc1 h6 23. b3 Na3 24. Rxc7 Bxc7 25. Bc3 f6 26. Kd2 Bh7 27. Bb4 Nc2 28. Rc1 Nxb4 29. Rxc7 Nxa2 30. Nf4 g5 31. hxg5 hxg5 1-0

[Event "Oslo op2"]
[Site "Oslo"]
[Date "2005.03.01"]
[Round "3"]
[White "Falsen, Ivan"]
[Black "Olaussen, Atle Gjoran"]
[Result "1-0"]
[WhiteElo "1301"]
[BlackElo "1266"]
[PlyCount "69"]
[EventDate "2005.02.15"]
[EventType "swiss"]
[EventRounds "9"]
[EventCountry "NOR"]
[SourceTitle "EXT 2007"]
[Source "ChessBase"]
[SourceDate "2006.11.23"]
[SourceVersion "1"]
[SourceVersionDate "2006.11.23"]
[SourceQuality "1"]

1. d4 d5 2. c4 e6 3. Nf3 Nf6 4. Bg5 Be7 5. e3 Nbd7 6. Nbd2 b6 7. Bd3 Bb7 8. Rc1 0-0 9. h4 c5 10. Ne5 dxc4 11. Ndxc4 cxd4 12. exd4 g6 13. h5 Nxh5 14. Bh6 Ng7 15. Qg4 Nf6 16. Qh3 Qxd4 17. Bg5 Ngh5 18. Rd1 Ne4 19. Be3 Bb4+ 20. Kf1 Qd8 21. Be2 Neg3+ 22. fxg3 Qf6+ 23. Kg1 Bc5 24. Bxc5 bxc5 25. Nd7 Qg7 26. Nxf8 Rxf8 27. Bxh5 gxh5 28. Qxh5 f5 29. Ne5 f4 30. Rd7 Rf5 31. Rxg7+ Kxg7 32. Qxh7+ Kf6 33. Qh8+ Ke7 34. Rh7+ Kd6 35. Rd7# 1-0

[Event "Oslo-ch"]
[Site "Oslo"]
[Date "2004.04.27"]
[Round "8"]
[White "Olaussen, Atle Gjoran"]
[Black "Falsen, Ivan"]
[Result "1/2-1/2"]
[WhiteElo "1273"]
[BlackElo "1292"]
[PlyCount "82"]
[EventDate "2004.02.10"]
[EventType "swiss"]
[EventRounds "9"]
[EventCountry "NOR"]
[SourceTitle "EXT 2007"]
[Source "ChessBase"]
[SourceDate "2006.11.23"]
[SourceVersion "1"]
[SourceVersionDate "2006.11.23"]
[SourceQuality "1"]

1. e4 c5 2. Nf3 Nc6 3. Bc4 d6 4. d4 cxd4 5. Nxd4 Nf6 6. Nc3 e5 7. Nf3 Bg4 8. Bg5 Nd4 9. Qd3 Bxf3 10. gxf3 a6 11. a3 Be7 12. 0-0-0 b5 13. Ba2 Nd7 14. Bxe7 Qxe7 15. Nd5 Qd8 16. c3 Nc5 17. Qe3 Nc6 18. Rhg1 Ne6 19. Qd2 Ra7 20. Ne3 Rd7 21. Nf5 g6 22. Nh6 Ne7 23. Ng4 Nc6 24. Bd5 Na5 25. Nh6 Rf8 26. Ba2 Nc7 27. Qe3 Qh4 28. Ng4 h5 29. Nh6 Qf6 30. Nxf7 Rfxf7 31. Bxf7+ Rxf7 32. Qb6 Nc4 33. Qc6+ Kf8 34. Rg3 g5 35. b3 h4 36. Rgg1 Qxf3 37. bxc4 Qxc3+ 38. Kb1 Qb3+ 39. Ka1 Qxa3+ 40. Kb1 Qb3+ 41. Ka1 Qa3+ 1/2-1/2

[Event "Oslo-ch"]
[Site "Oslo"]
[Date "2004.04.20"]
[Round "7"]
[White "Falsen, Ivan"]
[Black "Eide, Joachim"]
[Result "1-0"]
[WhiteElo "1292"]
[BlackElo "1165"]
[PlyCount "49"]
[EventDate "2004.02.10"]
[EventType "swiss"]
[EventRounds "9"]
[EventCountry "NOR"]
[SourceTitle "EXT 2007"]
[Source "ChessBase"]
[SourceDate "2006.11.23"]
[SourceVersion "1"]
[SourceVersionDate "2006.11.23"]
[SourceQuality "1"]

1. d4 Nf6 2. c4 e6 3. Nf3 b6 4. a3 Bb7 5. Nc3 d6 6. e3 Ne4 7. Bd3 Nxc3 8. bxc3 Be7 9. e4 c5 10. d5 e5 11. h4 Nd7 12. Ng5 Nf6 13. Bc2 h6 14. Nh3 Qc7 15. Ba4+ Nd7 16. Qg4 g6 17. f4 h5 18. Qg3 exf4 19. Bxf4 0-0-0 20. Ng5 Rdf8 21. 0-0 Ne5 22. Bxe5 dxe5 23. Nxf7 Bxh4 24. Qh3+ Kb8 25. Nxh8 1-0

[Event "Oslo-ch"]
[Site "Oslo"]
[Date "2004.02.17"]
[Round "2"]
[White "Roholdt, Njaal"]
[Black "Falsen, Ivan"]
[Result "0-1"]
[WhiteElo "1137"]
[BlackElo "1292"]
[PlyCount "74"]
[EventDate "2004.02.10"]
[EventType "swiss"]
[EventRounds "9"]
[EventCountry "NOR"]
[SourceTitle "EXT 2007"]
[Source "ChessBase"]
[SourceDate "2006.11.23"]
[SourceVersion "1"]
[SourceVersionDate "2006.11.23"]
[SourceQuality "1"]

1. e4 e5 2. Nf3 d6 3. d4 exd4 4. Nxd4 c5 5. Nb3 Nc6 6. Bb5 a6 7. Bxc6+ bxc6 8. 0-0 Be7 9. Nc3 Rb8 10. Be3 Nf6 11. Re1 Qc7 12. e5 dxe5 13. Nxc5 0-0 14. b3 Rb4 15. Qe2 Rh4 16. Nxa6 Qa5 17. Nb8 Qxc3 18. Bd2 Qc5 19. Be3 Qd6 20. Bg5 Rg4 21. Bxf6 Bxf6 22. Na6 c5 23. Nxc5 Qxc5 24. Rad1 Rg6 25. Rd2 Bb7 26. g3 Qc6 27. f3 e4 28. Qxe4 Qxe4 29. fxe4 Bc3 30. Rd7 Bxe1 31. Rxb7 Re6 32. a4 Rxe4 33. c4 g5 34. c5 Rb4 35. Re7 Bc3 36. c6 Rxb3 37. c7 Ba5 0-1